Research on risk and protective factors affecting adolescents' sexual and reproductive health in Sabah and Sarawak, 2015.

Corporate Authors: United Nations Population Fund, National Population and Family Development Board
Language:Malay
Published: Kuala Lumpur: The National Population and Family Development Board, 2016.
Subjects:
LEADER 01003cam a2200265 7i4500
001 0000131514
005 20181123090000.0
008 181030s2016 my d x h0 may
020 # # |a 9789833624348  
040 # # |a PNM 
090 0 0 |a HQ 27   |b .R4 2016 
245 0 0 |a Research on risk and protective factors affecting adolescents' sexual and reproductive health in Sabah and Sarawak, 2015. 
264 # 4 |c ♭ 2016. 
264 # 1 |a Kuala Lumpur:   |b The National Population and Family Development Board,   |c 2016. 
300 # # |a 177 pages;   |c 24 cm.. 
336 # # |a text  |2 rdacontent 
337 # # |a unmediated  |2 rdamedia 
338 # # |a volume  |2 rdacarrier 
590 # # |a Perpustakaan Sultanah Nur Zahirah 
650 0 0 |a Teenagers --   |x Sexual behavior --   |z Malaysia  
650 0 0 |a Risk management --   |z Malaysia  
650 0 0 |a Government publications --   |z Malaysia  
710 2 1 |a United Nations Population Fund  
710 2 1 |a National Population and Family Development Board  
999 |a 1100103845  |b Book  |c Rujukan  |e KOLEKSI RUJUKAN